Normal view
MARC view
- Smith, James E
Entry Personal Name
001 - CONTROL NUMBER
- control field: 25177
003 - CONTROL NUMBER IDENTIFIER
- control field: IN-BhIIT
005 - DATE AND TIME OF LATEST TRANSACTION
- control field: 20250117112126.0
008 - FIXED-LENGTH DATA ELEMENTS
- fixed length control field: 250117|| aca||aabn | a|a d
040 ## - CATALOGING SOURCE
- Original cataloging agency: IN-BhIIT
- Transcribing agency: IN-BhIIT
100 ## - HEADING--PERSONAL NAME
- Personal name: Smith, James E
670 ## - SOURCE DATA FOUND
- Source citation: Work cat.: (IN-BhIIT)14603: Smith, James E. Author, Virtual machines :, 2005.